Základní právní předpisy ve školství /

Main Author: Pospíšil, Jaroslav
Language: Czech
Published: Praha : t. Faster, 1996
Physical Description: [477] s. : tab. ; 21 cm
Book
Saved in:
LEADER 00810nam a2200229 a 4500
001 000089257
003 CZ BrMZK
005 20060316064927.0
008 960707s1996 xr f cze d
040 |a BOA001  |b cze 
080 |a 373.5(437.1/.2)(094)  |2 MRF 
080 |a 373.3(437.1)(094)  |2 MRF 
100 1 |a Pospíšil, Jaroslav  |7 jx20050526021  |4 aut 
245 1 0 |a Základní právní předpisy ve školství /  |c zpracoval: Jaroslav Pospíšil. 
260 |a Praha :  |b t. Faster,  |c 1996 
300 |a [477] s. :  |b tab. ;  |c 21 cm 
500 |a Rozmn. 
653 0 |a právní předpisy  |a české školství  |a školství 
910 |a BOA001  |b PK-0125.642 
964 |a Školství  |y Česko  |x předpisy právní 
990 |a BK 
996 7 |b 3119004588  |c PK-0125.642  |l MZK  |r Sklad / do 1 hodiny  |n 1  |p kup  |w 000089257  |u 000010  |a 1  |e BOA001  |j MZK50  |s A